|
|
|
|
| LEADER |
00000nas a2200000 a 4500 |
| 001 |
ssj0011879 |
| 003 |
WaSeSS |
| 005 |
20200512172242.0 |
| 006 |
m d |
| 007 |
cr n |
| 008 |
760216d19762000dcubr p s o 0 a0eng c |
| 010 |
|
|
|a 81641068
|z sc 78001628
|z sn 78005696
|
| 016 |
7 |
|
|a 100972964
|2 DNLM
|
| 022 |
|
|
|l 0364-2097
|y 0364-2097
|
| 032 |
|
|
|a 108050
|b USPS
|
| 035 |
|
|
|a (WaSeSS)ssj0011879
|
| 040 |
|
|
|a MAL
|b eng
|c MAL
|d BTI
|d NSD
|d OCL
|d NSD
|d DLC
|d NSD
|d DLC
|d NSD
|d DLC
|d NSD
|d DLC
|d NST
|d NSD
|d AIP
|d NST
|d NSD
|d NST
|d IUL
|d ATL
|d SYS
|d IUL
|d NLM
|d OCLCQ
|d NSD
|d OCLCQ
|d OCLCF
|d OCLCO
|d MNS
|d GILDS
|d OCLCQ
|d OCLCO
|d WAU
|d AU@
|d OCLCQ
|d WaSeSS
|
| 042 |
|
|
|a nsdp
|a pcc
|
| 050 |
0 |
0 |
|a BR115.W6
|b S55
|
| 082 |
0 |
4 |
|a 261.8/05
|
| 210 |
0 |
|
|a Sojourners
|
| 222 |
|
0 |
|a Sojourners
|
| 245 |
0 |
0 |
|a Sojourners
|h [electronic resource].
|
| 260 |
|
|
|a Washington, DC :
|b People's Christian Coalition,
|c 1976-2000.
|
| 310 |
|
|
|a Bimonthly,
|b <1996>-2000
|
| 321 |
|
|
|a Monthly (except bimonthly, June-Sept.),
|b 1976
|
| 321 |
|
|
|a Monthly,
|b 1977-1981
|
| 321 |
|
|
|a 11 issues per year,
|b 1982-<Dec. 1989>
|
| 362 |
0 |
|
|a Vol. 5, no. 1 (Jan. 1976)-v. 29, no. 6 (Nov.-Dec. 2000).
|
| 500 |
|
|
|a Title from cover.
|
| 506 |
|
|
|a License restrictions may limit access.
|
| 525 |
|
|
|a Some issues accompanied by supplements.
|
| 550 |
|
|
|a Issued by: Sojourners, Feb. 1981-Nov./Dec. 2000.
|
| 650 |
|
0 |
|a Church and the world
|v Periodicals.
|
| 650 |
|
0 |
|a Christianity and politics
|v Periodicals.
|
| 650 |
|
0 |
|a Church and social problems
|v Periodicals.
|
| 650 |
|
7 |
|a Christianity and politics.
|2 fast
|0 (OCoLC)fst00859736
|
| 650 |
|
7 |
|a Church and social problems.
|2 fast
|0 (OCoLC)fst00860491
|
| 650 |
|
7 |
|a Church and the world.
|2 fast
|0 (OCoLC)fst00860543
|
| 655 |
|
0 |
|a Electronic journals.
|
| 710 |
2 |
|
|a People's Christian Coalition.
|
| 710 |
2 |
|
|a Sojourners Fellowship.
|
| 776 |
1 |
|
|c Microfilm
|d American Theological Library Association
|w (DLC) 00221917
|w (OCoLC)45231417
|
| 780 |
0 |
0 |
|t Post American
|x 0361-2422
|w (DLC)sc 77000933
|w (OCoLC)1968386
|
| 785 |
0 |
0 |
|t Sojourners magazine
|x 1550-1140
|w (DLC) 2002238169
|w (OCoLC)45923262
|
| 850 |
|
|
|a ArU
|a CSt-H
|a CU-Riv
|a CU-S
|a CU-SB
|a CaMWUC
|a CaOPAL
|a CtW
|a DLC
|a DeU
|a FU
|a IC
|a InU
|a MMeT
|a MWH
|a MdU
|a MiEM
|a MnSSC
|a MnU
|a NCH
|a NN
|a NcU
|a NhD
|a NjR
|a OU
|a PPT
|a PPiD
|a TxLT
|a UU
|a ViW
|a WaU
|
| 853 |
2 |
0 |
|8 1
|a v.
|b no.
|u 6
|v r
|i (year)
|j (month/month)
|w b
|
| 856 |
4 |
0 |
|z Full text available from Research Library: 03/01/1998 to 12/31/2000
|u https://search.proquest.com/publication/25313
|
| 863 |
4 |
1 |
|8 1.1
|a <29>
|b <1>
|i <2000>
|j <01/02>
|